000 00345nam a22001577a 4500
003 MPLRDC
005 20220104125504.0
008 210129b ||||| |||| 00| 0 eng d
082 _a857.7 AL
100 _a爱玲
245 _a恋曲
_c
260 _a
_b得益出版社
_c
300 _b
650 _a长篇小说
942 _cBK
_o857.7 AL
999 _c27765
_d27755